Observaciones sobre el poder judicial / (Record no. 156496)
[ view plain ]
| 000 -LEADER | |
|---|---|
| campo de control de longitud fija | 00616nam a22001815i 4500 |
| 001 - NÚMERO DE CONTROL | |
| campo de control | 156496 |
| 003 - IDENTIFICADOR DE NÚMERO DE CONTROL | |
| campo de control | ES-MaACL |
| 005 - FECHA Y HORA DE LA ÚLTIMA TRANSACCIÓN | |
| campo de control | 20230906210426.0 |
| 008 - DATOS DE LONGITUD FIJA--INFORMACIÓN GENERAL | |
| campo de control de longitud fija | 951102s1854 sp |||| | spa d |
| 040 ## - FUENTE DE CATALOGACIÓN | |
| Centro catalogador/agencia de origen | AR |
| Lengua de catalogación | spa |
| Centro/agencia transcriptor | AR |
| 100 1# - ENTRADA PRINCIPAL--NOMBRE DE PERSONA | |
| Nombre de persona | Juez Sarmiento, Andrés. |
| 9 (RLIN) | 128391 |
| 245 10 - MENCIÓN DEL TÍTULO | |
| Título | Observaciones sobre el poder judicial / |
| Mención de responsabilidad, etc. | por Andrés Juez Sarmiento. |
| 260 ## - PUBLICACIÓN, DISTRIBUCIÓN, ETC. | |
| Lugar de publicación, distribución, etc. | Madrid : |
| Nombre del editor, distribuidor, etc. | [s.n.] ( |
| Fabricante | Imp. de D.José C. de la Peña |
| Fecha de publicación, distribución, etc. | 1854. |
| 300 ## - DESCRIPCIÓN FÍSICA | |
| Extensión | 517 p. ; |
| Dimensiones | 16 cm. |
| 700 11 - ENTRADA AGREGADA--NOMBRE PERSONAL | |
| Nombre de persona | Peña, José C. de la, |
| Término indicativo de función/relación | |
| 9 (RLIN) | 131094 |
| 752 ## - ENTRADA AGREGADA--NOMBRE JERÁRQUICO DEL LUGAR | |
| País o entidad superior | España - |
| Ciudad | , Madrid |
| 852 ## - LOCALIZACIÓN | |
| Ubicación | ES-MaACL |
| Número de control de estantería | G-9925 |
| Nota libre | -- Enc. hol. |
| Encuadernación | -- Edic: T300: 317 p. |
| Estatus retirado | Estado de pérdida | Estado de daño | No para préstamo | Colección | Biblioteca de origen | Biblioteca actual | Ubicación en estantería | Fecha de adquisición | Fuente de adquisición | Total de préstamos | Signatura topográfica completa | Código de barras | Visto por última vez | Precio de reemplazo | Tipo de ítem Koha |
|---|---|---|---|---|---|---|---|---|---|---|---|---|---|---|---|
| Libros del s. XIX | Biblioteca del Ateneo de Madrid | Biblioteca del Ateneo de Madrid | Sala Pecera Planta 3 | 17/01/2008 | G-9925 | 1163729 | 23/02/2023 | 23/02/2023 | Libro impreso antiguo |
